[Event "82nd Armenian Men Championship 2022"]
[Site "Yerevan"]
[Date "2022.01.22"]
[Round "10.2"]
[White "Gharibyan, Mamikon"]
[Black "Ter-Sahakyan, Samvel"]
[Result "1-0"]
[WhiteElo "2467"]
[BlackElo "2637"]
[Annotator "TA"]
[PlyCount "153"]
[EventDate "2022.01.12"]
[EventType "tourn"]
[EventCountry "ARM"]
[SourceTitle "playchess.com"]
[Source "ChessBase"]
[SourceQuality "1"]

{[%evp 14,153,6,-11,28,0,0,0,0,0,0,0,0,0,0,-7,-10,-17,0,-33,-16,-15,-19,-19,-22,-8,-5,-9,0,0,0,0,0,0,0,0,0,0,0,0,0,0,0,0,0,0,6,10,20,0,38,33,43,7,8,6,6,10,13,11,8,9,48,48,48,48,48,48,135,127,127,127,127,0,127,127,127,34,27,27,27,19,1609,34,34,9,27,22,49,34,84,15,16,16,16,16,34,21,205,16,105,8,77,0,104,97,127,99,437,433,422,381,379,170,534,502,1725,1568,3556,4286,2502,2289,1575,1378,12795,9510,11989,12314,29958,29958,29959,29959,11039,4045,6522,6009,29960,6633,29972,29973,5177,4618]} 1. Nf3 d5 2. d4 Nf6 3. c4 e6 4. g3 dxc4 5. Bg2 a6 6. O-O Nc6 7. a4 Rb8 8. a5 {8.a5 scores better than 8.Nc3.} Bb4 {E04: Open Catalan: 5 Nf3.} 9. Na3 Bxa5 10. Nxc4 Bb4 {The position is equal.} 11. Qb3 {[#]} Be7 $146 ({Predecessor:} 11... a5 12. Rd1 b5 13. Nce5 Ne7 {½-½ (13) Heinz,J (2244)-Eichner,S (2335) Germany 2010}) 12. Rd1 O-O 13. h4 Bd7 14. Nfe5 Nxe5 15. dxe5 Nd5 16. Bd2 Bb5 17. Ba5 {aiming for e4.} Qe8 18. e4 Nb6 19. Nxb6 cxb6 20. Bxb6 Qc6 21. Qe3 Rfc8 22. Rac1 Qe8 23. Bc7 Ra8 24. f4 h6 25. Kh2 a5 26. Bd6 Rxc1 27. Rxc1 Bc6 28. Qc5 Bd8 29. f5 Bd7 30. Qf2 Rc8 31. Rd1 exf5 32. exf5 Bc6 33. Rc1 Be7 34. Bxc6 bxc6 35. Re1 Rd8 36. Bxe7 Qxe7 $11 {[%mdl 4096] Endgame KQR-KQR} 37. e6 fxe6 38. fxe6 c5 39. Re2 a4 40. Qf4 Ra8 (40... Rd4 $14 41. Qb8+ Rd8) 41. Qe4 Ra7 42. Qe5 Ra8 {To avoid Qb8+} 43. Qe4 Ra7 44. Qc4 Kh8 45. Rf2 (45. Qb5 $16 {Black must now prevent Qb8+.} Ra8 46. Qd7) 45... Qd6 $14 46. h5 Ra8 $1 (46... a3 $2 47. b4 (47. Qf4 $2 Qxf4 48. Rxf4 a2 $19) 47... a2 48. bxc5 $16 (48. Rxa2 Rxa2+ 49. Qxa2 cxb4 $16)) 47. Qg4 Qd4 $2 {[%mdl 8192]} (47... Re8 $11) 48. Qf5 $2 (48. Qe2 $1 $18 {White wants to mate with e7.} Qd8 49. e7) 48... Re8 49. Kg2 {Hoping for Qg6.} Qd6 50. Re2 {[%cal Oe6e7]} Qe7 51. Qe4 Qg5 {[#]} ({Black should try} 51... Qd6 $14) 52. Rf2 (52. Qg6 $1 $16 {[%cal Rg6e8]} Qd8 53. Re4) 52... Kg8 53. Qf3 Kh8 54. Re2 {[%cal Oe6e7] Black should prevent e7!} c4 55. e7 {White threatens Qf8+ and mate.} Qf6 {[#] Prevents Qf8+.} (55... Kg8 $11) 56. Qe4 $2 (56. Qd5 $1 $18) 56... Qf7 (56... Qd6 $11) 57. Qe5 ({White should play} 57. g4 $16) 57... Kg8 (57... c3 $1 $11 58. bxc3 a3) 58. Qd6 (58. Qc5 $16) 58... Kh7 (58... Qxh5 $11 {remains equal.} 59. Qe6+ Qf7) 59. g4 $36 {[%mdl 2048] Keeping Black busy. White leaves nothing to chance now.} Kg8 {[%cal Oc4c3]} 60. Qd7 c3 $2 {[%mdl 8192]} (60... Kh8 $16 61. Kg3 Kh7) 61. bxc3 $18 {[%cal Bb2c3,Bc3c4,Bc4c5][%mdl 32]} a3 62. c4 $1 Kh8 63. Kg3 Kg8 $2 (63... Kh7 {is tougher.} 64. Qd5 Qf1) 64. c5 {c6 is the strong threat.} a2 {[#]} (64... Kh7 $142 65. Qd3+ Kh8) 65. Rxa2 $3 {[%mdl 512] Threatens to win with Re2. Active counter play!} Qxe7 66. Qxe7 Rxe7 {KR-KR} 67. Kf4 {Strongly threatening c6.} Kf7 68. Kf5 {And now c6 would win.} Rb7 69. Ke5 {c6 would kill now.} Ke7 70. Ra6 Kd8 71. Kd5 Rb4 72. Rg6 Rb7 73. Kc6 (73. Rb6 $142 Ra7 74. Rg6) 73... Rf7 74. Kb6 Kc8 75. c6 {Intending g5 and mate.} Re7 76. g5 Re1 77. Rxg7 {Weighted Error Value: White=0.36/Black=0.30} 1-0

[Event "82nd Armenian Men Championship 2022"]
[Site "Yerevan"]
[Date "2022.01.22"]
[Round "10.3"]
[White "Petrosyan, Manuel"]
[Black "Petrosian, Tigran L."]
[Result "0-1"]
[WhiteElo "2620"]
[BlackElo "2573"]
[Annotator "TA"]
[PlyCount "120"]
[EventDate "2022.01.12"]
[EventType "tourn"]
[EventCountry "ARM"]
[SourceTitle "playchess.com"]
[Source "ChessBase"]
[SourceQuality "1"]

{[%evp 9,120,37,42,54,61,51,68,66,64,64,67,55,55,54,66,50,63,45,54,62,58,46,60,62,57,37,66,66,72,54,70,25,19,21,27,12,31,0,11,-56,-50,-75,-42,-66,-67,-123,-112,-125,-113,-150,-150,-156,-141,-135,-135,-235,-218,-239,-238,-232,-220,-256,-270,-256,-238,-240,-229,-333,-350,-393,-378,-382,-382,-479,-475,-460,-469,-468,-454,-499,-499,-492,-489,-489,-485,-474,-471,-446,-365,-1047,-1014,-1009,-987,-1016,-917,-1015,-972,-922,-899,-1124,-1080,-1010,-937,-9700,-5704,-11738,-10885,-9687,-7480,-4698,-1938,-1716,-711]} 1. d4 d6 2. Nf3 Nf6 3. c4 Nbd7 4. g3 c5 5. Bg2 cxd4 6. Nxd4 {A53: Old Indian Defence without Nf3.} a6 7. O-O e6 8. b3 {White is slightly better.} Be7 9. Nc3 O-O {[#]} 10. a4 $146 ({Predecessor:} 10. Bb2 Rb8 11. Qc2 Re8 12. Rfd1 Nf8 13. Rac1 Ng6 14. Nf3 Qc7 15. Ne4 e5 16. Nxf6+ Bxf6 {1-0 (55) Crisologo,J-Garinglao,A San Antonio 2014}) 10... Qc7 {[%cal Od6d5]} 11. Ba3 Ne5 12. Rc1 Qb6 13. Qd2 Bd7 14. Rfd1 Rfd8 15. h3 Bc6 16. e4 $1 Be8 17. Nce2 Bf8 18. a5 Qc7 19. Bb4 Rac8 20. Kh1 (20. Nf4 $14) 20... Ned7 $11 21. Nc3 Nc5 {aiming for ...e5.} 22. Qa2 h5 23. Qb1 g6 {[%cal Oh5h4]} 24. Rf1 (24. Qc2 $11) 24... b6 $15 25. axb6 Qxb6 26. Bxc5 Qxc5 27. Nf3 {Black keeps a firm grip on the game.} (27. Qd3 $15) 27... Bg7 28. Qd3 Rb8 29. Nb1 Nd7 {[%cal Bf6d7,Bd7c5,Bc5b3][%mdl 32]} 30. Nbd2 Qb4 31. Qe3 a5 32. Nd4 (32. Rb1 $17 {was necessary.}) 32... Qb6 $19 33. Nb5 Qxe3 $1 34. fxe3 Nc5 35. Nd4 Bxd4 36. exd4 Nxb3 37. Nxb3 Rxb3 38. c5 (38. Rf3 $142 Rxf3 39. Bxf3) 38... dxc5 ({Not} 38... Rxg3 39. c6 $17) 39. dxc5 Bc6 40. e5 {[#]} Rc8 41. Rfd1 Rxg3 42. Bxc6 Rxc6 {[%mdl 4096] Endgame KRR-KRR} 43. Rd6 {[#]} Rc7 44. c6 Kg7 45. Kh2 Re3 46. Rc5 a4 {[%cal Ba5a4,Ba4a3][%mdl 32]} 47. Rd4 a3 {Hoping for ...Re2+.} 48. Ra4 Rb3 49. Ra6 $2 (49. h4) 49... h4 {And now ...Rb2+ would win. Black is clearly winning.} 50. Kg2 g5 51. Rc1 Rg3+ 52. Kh2 Re3 {...Re2+ is the strong threat.} 53. Kg2 Kg6 54. Ra5 Rg3+ 55. Kh2 Rb3 56. Kg2 Rb6 57. Rxa3 Rbxc6 58. Rxc6 Rxc6 59. Kf3 Rc5 (59... Rc2 $142 60. Rb3 Rc5) 60. Ke4 Rc4+ {Weighted Error Value: White=0.33/Black=0.07 (flawless)} (60... Rc2 $142 61. Re3 Rf2) 0-1

[Event "82nd Armenian Men Championship 2022"]
[Site "Yerevan"]
[Date "2022.01.22"]
[Round "10.4"]
[White "Sargsyan, Shant"]
[Black "Pashikian, Arman"]
[Result "1/2-1/2"]
[WhiteElo "2628"]
[BlackElo "2606"]
[Annotator "TA"]
[PlyCount "47"]
[EventDate "2022.01.12"]
[EventType "tourn"]
[EventCountry "ARM"]
[SourceTitle "playchess.com"]
[Source "ChessBase"]
[SourceQuality "1"]

{[%evp 17,47,15,16,27,16,0,13,17,23,22,25,16,22,0,0,0,14,0,5,5,8,1,2,0,0,4,7,0,0,6,0,0]} 1. d4 Nf6 2. c4 e6 3. Nc3 Bb4 4. Qc2 d5 5. cxd5 exd5 6. Bg5 {[%cal Bc1g5,Bg5h4,Bh4g3][%mdl 32]} c5 7. dxc5 h6 8. Bh4 g5 9. Bg3 Ne4 10. e3 {E35: Nimzo-Indian: Classical: 4...d5 5 cxd5 exd5.} Qa5 {[%cal Re4c3]} 11. Rc1 Nc6 ({Don't do} 11... Qxc5 12. Bd3 $14) 12. Bd3 Nxg3 13. hxg3 {White wants to play Nf3.} d4 14. exd4 Nxd4 {The position is equal.} 15. Qd2 {aiming for a3.} Bxc5 ({Don't take} 15... Qxc5 16. Nge2 Nxe2 17. Qxe2+ Qe7 18. a3 Bxc3+ 19. Rxc3 $14) 16. Nge2 Nc6 17. a3 {Strongly threatening b4.} Bb6 $1 {[#]} 18. Bb5 $146 ({Predecessor:} 18. Bc4 Bf5 19. b4 Qe5 20. Nd5 O-O-O 21. Nxb6+ axb6 22. Qc3 Kb8 23. O-O Qxc3 24. Nxc3 {½-½ (36) Valinova,J (2410)-Claridge,J (2450) ICCF email 2021}) 18... Be6 19. Ra1 {Black must now prevent b4.} a6 {[#]} ({Don't play} 19... Rd8 {[#]} 20. b4 $1 Rxd2 21. bxa5 Rxe2+ 22. Kxe2 Bxa5 23. Rac1 $14) 20. b4 $1 Bxf2+ $1 21. Kxf2 Qb6+ 22. Qd4 $1 Qxd4+ 23. Nxd4 axb5 24. Ncxb5 {A balanced but interesting game.  Weighted Error Value: White=0.06 (flawless) /Black=0.01 (flawless)} 1/2-1/2

[Event "82nd Armenian Men Championship 2022"]
[Site "Yerevan"]
[Date "2022.01.22"]
[Round "10.5"]
[White "Harutyunyan, Tigran K."]
[Black "Mikaelyan, Arman"]
[Result "1-0"]
[WhiteElo "2552"]
[BlackElo "2508"]
[Annotator "TA"]
[PlyCount "87"]
[EventDate "2022.01.12"]
[EventType "tourn"]
[EventCountry "ARM"]
[SourceTitle "playchess.com"]
[Source "ChessBase"]
[SourceQuality "1"]

{[%evp 23,87,18,28,11,21,4,18,25,37,22,38,34,36,42,35,33,33,39,60,60,87,75,93,108,86,102,139,141,151,120,162,187,179,143,201,201,260,262,254,261,227,237,239,210,239,241,304,307,966,309,706,965,866,712,1467,1173,1731,1650,4778,2221,1606,387,1320,1170,954,777]} 1. c4 c6 2. d4 d5 3. Nf3 Nf6 4. Nc3 dxc4 5. a4 Bf5 6. e3 e6 7. Bxc4 Bb4 8. O-O O-O 9. Qe2 Bg6 10. Ne5 Nbd7 11. Nxg6 hxg6 12. Rd1 Qc7 {outshines the older 12...Qa5.} 13. g3 $5 {[%mdl 4] Leaves trodden paths. D19: Slav Defence: 5 a4 Bf5 6 e3: Main line with 9 Qe2.} Rad8 14. Qc2 a5 15. Na2 {[%cal Bc3a2,Ba2b4,Bb4d3][%mdl 32] The position is equal.} Bd6 16. Bd2 {[#]} Qb6 $146 ({Predecessor:} 16... Be7 17. Rac1 Rfe8 18. Kg2 Qb6 19. f3 Qa7 20. Qb3 g5 21. h3 Nf8 22. Be1 Rd7 {½-½ (55) Raap,C (2338)-Pischner,R (2349) Remote email 2013}) 17. b4 axb4 {[#]} 18. Nxb4 $1 c5 {[#]} (18... Bxb4 19. a5 Qc7 20. Bxb4 $16) 19. a5 $1 Qc7 (19... Qa7 20. dxc5) 20. dxc5 Nxc5 21. Be2 ({Don't play} 21. Bc3 Be5 $11) 21... Qe7 {Black is now going downhill.} 22. Nd3 Nce4 {[#]} 23. Be1 $1 Nd5 24. Nf4 Nxf4 25. exf4 (25. gxf4 $6 Nf6 $14) 25... f5 26. Rab1 g5 (26... Rc8 $16 27. Qb3 Rc7) 27. fxg5 $18 Nxg5 28. h4 Ne4 (28... Nf7 $16 29. Rb5 g5) 29. Bf3 Nc5 30. Rb6 Bc7 31. Rxd8 Rxd8 32. Rb5 Nd3 33. Bc3 Qd6 34. Qe2 ({Stronger than} 34. Rxb7 Qc5 $11) 34... Kh7 35. Bxb7 {Hoping for Qh5+. A strong pair of Bishops.} ({Don't take} 35. Rxb7 Qc5 $18) 35... Bb8 $2 (35... Qa3) 36. Qh5+ Kg8 {[%cal Od3f2]} 37. Qg6 {[%csl Gc3][%cal Rg6g7]} Qe7 38. Bc6 Bc7 39. a6 Nc1 40. Bf3 Na2 {[#]} 41. Bxg7 $1 {[%mdl 512]} Qxg7 42. Qxg7+ Kxg7 43. Rb7 Nb4 44. Rxb4 {Weighted Error Value: White=0.25 (precise) /Black=0.23 (precise)} 1-0

[Event "82nd Armenian Men Championship 2022"]
[Site "Yerevan"]
[Date "2022.01.23"]
[Round "11.1"]
[White "Shahinyan, David"]
[Black "Gharibyan, Mamikon"]
[Result "1/2-1/2"]
[WhiteElo "2486"]
[BlackElo "2467"]
[Annotator "TA"]
[PlyCount "98"]
[EventDate "2022.01.12"]
[EventType "tourn"]
[EventCountry "ARM"]
[SourceTitle "playchess.com"]
[Source "ChessBase"]
[SourceQuality "1"]

{[%evp 18,98,-18,-22,-8,-17,59,-37,0,-47,0,0,0,0,0,0,0,0,0,0,0,0,0,0,0,-93,0,0,0,0,0,0,0,0,0,0,0,0,0,0,0,0,0,0,0,-45,0,-36,-8,-8,-8,-35,-8,-8,-8,-8,0,0,0,-8,-8,-8,-8,-31,-39,-106,0,-8,-8,-8,-41,-91,0,0,0,0,0,0,0,0,0,0,0]} 1. e4 c5 2. Nc3 Nc6 3. g3 g6 4. Bg2 Bg7 5. d3 e6 6. f4 d6 7. Nf3 Nge7 8. O-O Rb8 9. Be3 Nd4 10. e5 Nef5 {B25: Closed Sicilian: 3 g3, lines without early Be3.} 11. Bf2 dxe5 (11... h5 $11) 12. fxe5 ({White has to play} 12. Nxe5 $14 f6 13. Nc4) 12... b6 {Black is slightly better.} 13. Ne4 {[#]} (13. g4 $11 {feels stronger.} Nxf3+ 14. Bxf3) 13... Bb7 $146 (13... h5 $15) ({Predecessor:} 13... Nxf3+ 14. Qxf3 Bxe5 15. g4 Nd4 16. Qxf7+ Kxf7 17. Bxd4+ Kg8 18. Bxe5 Bb7 19. Nf6+ Kf7 20. Bxb8 {½-½ (41) Roselli Mailhe,B (2413)-Palermo,V (2247) Mar del Plata 2001}) 14. Nxd4 $11 cxd4 15. g4 Bxe4 16. Bxe4 (16. dxe4 Ne3 17. Bxe3 dxe3 $17) 16... Qg5 17. Qf3 {[%cal Oh2h4]} h5 $1 18. Bxf5 gxf5 19. Qc6+ Kd8 20. Qd6+ Kc8 {...Rb7 is the strong threat.} 21. Bg3 {[#]} ({Much worse is} 21. Bxd4 Rb7 22. Qc6+ Kb8 $17) (21. Qc6+ $11 {keeps the balance.} Kd8 22. Qd6+ Kc8 23. Kh1 (23. Bxd4 Rb7 $17) 23... hxg4 24. Qc6+ Kd8 25. Qd6+ Kc8 26. Qc6+ Kd8 27. Qd6+ Kc8) 21... hxg4 (21... Rb7 $1 $17 {[%cal Rb7d7] aiming for ...Rd7.} 22. Qxd4 hxg4) 22. Rxf5 exf5 23. Qc6+ Kd8 {[%cal Bc8d8,Bd8e8,Be8f7][%mdl 32]} 24. Re1 {To avoid Qe3+. Strongly threatening e6.} Rh6 25. e6 {Really sharp!} Rxe6 $1 26. Qc7+ Ke8 27. Qxb8+ Qd8 28. Rxe6+ fxe6 29. Qxa7 Bh6 30. Qh7 Qg5 31. Qh8+ (31. Qc7 $11) 31... Kf7 (31... Bf8 $15 {is superior.} 32. Qe5 Qc1+ 33. Qe1 Qxe1+ 34. Bxe1 e5) 32. Qxd4 Qc1+ 33. Kg2 Qxc2+ 34. Bf2 $1 Qc6+ 35. Kg1 b5 36. b3 Qc1+ 37. Kg2 Qc6+ 38. Kg1 Bg7 39. Qa7+ Kg6 40. Qc5 {To avoid Qc1+} Qd7 41. d4 (41. Qb6 $15) 41... Qb7 (41... Bf6 $17 42. Kf1 Kf7) 42. d5 exd5 {Threatens to win with ...Qd7.} 43. Qd6+ Kf7 44. Bc5 {[#]} ({White should play} 44. a3 $1 $15) 44... Bf6 ({Better is} 44... b4 $1 $17) 45. Qf8+ {The position is equal.} Kg6 {And now ...Qd7 would win.} 46. Qg8+ ({But not} 46. Be3 Qg7 47. Qd6 Qe7 48. Qxe7 Bxe7 $17) 46... Kh5 {Hoping for ...Qd7.} 47. Qe6 {To avoid Qd7} Kg6 48. Qg8+ Kh5 {White must now prevent ...Qd7.} 49. Qe6 {Inhibits Qd7.} Kg6 {Weighted Error Value: White=0.17 (very precise) /Black=0.17 (very precise)} 1/2-1/2

[Event "82nd Armenian Men Championship 2022"]
[Site "Yerevan"]
[Date "2022.01.23"]
[Round "11.2"]
[White "Petrosian, Tigran L."]
[Black "Sargsyan, Shant"]
[Result "0-1"]
[WhiteElo "2573"]
[BlackElo "2628"]
[Annotator "TA"]
[PlyCount "72"]
[EventDate "2022.01.12"]
[EventType "tourn"]
[EventCountry "ARM"]
[SourceTitle "playchess.com"]
[Source "ChessBase"]
[SourceQuality "1"]

{[%evp 9,72,-32,0,-27,-11,0,20,34,29,4,8,0,0,0,0,-12,-4,-25,-27,-40,0,0,0,-10,-26,-24,0,-45,-54,-87,-97,-100,-76,-139,-161,-145,-163,-146,-114,-183,-201,-215,-182,-298,-289,-339,-237,-527,-537,-535,-523,-515,-495,-1556,-1479,-1247,-800,-29982,-29972,-29987,-29988,-29991,-29989,-29996,-29996]} 1. e4 c5 2. c3 Nf6 {[%cal Bg8f6,Bf6d5,Bd5e7,Be7f5][%mdl 32]} 3. e5 Nd5 4. Nf3 e6 5. c4 Ne7 6. b4 {B22: Sicilian: 2 c3.} cxb4 7. d4 d5 8. exd6 $1 {The position is equal.} Qxd6 {[#]} 9. Nbd2 $146 ({Predecessor:} 9. Bd3 Nbc6 10. Bb2 Ng6 11. O-O Be7 12. d5 exd5 13. cxd5 Qxd5 14. Qe2 Nf4 15. Qe3 Nxd3 16. Bxg7 Rg8 17. Bd4 Nxd4 {0-1 (17) Martinez Reyes,P (2398)-Movsesian,S (2673) Chess.com INT 2016}) 9... Nf5 10. Bb2 Be7 11. Bd3 O-O 12. g4 Nh4 {White should prevent ...Ng2+.} 13. Nxh4 (13. Ne4 $5 {[%cal Re4d6]} Qd8 14. Nxh4 Bxh4 15. g5 $11) 13... Bxh4 14. Nf3 Qe7 {[%cal Oe6e5]} 15. Rg1 {aiming for g5.} Bg5 {[%cal Bh4g5,Bg5f4,Bf4h6,Bh6g7][%mdl 32]} 16. h4 Bf4 {[%cal Oe6e5]} 17. Qe2 {Inhibits e5. Strongly threatening Qe4.} e5 18. dxe5 (18. Kf1 $11 {might be stronger.}) 18... g6 $15 19. Qe4 {[#]} Bh6 20. h5 {[%cal Rh5g6]} Na6 {[%cal Bb8a6,Ba6c5,Bc5d3][%mdl 32]} 21. g5 {[#]} ({White should try} 21. Bc2) 21... Nc5 $1 $17 22. Qe3 (22. Qe2 Nxd3+) 22... Nxd3+ 23. Qxd3 {[#]} Rd8 $1 24. Qe4 (24. Qe2 $17 Bg7 25. h6) (24. Qe3 Bg7) 24... Bg7 $19 25. hxg6 hxg6 {White must now prevent ...Bf5.} 26. Rh1 (26. Nd4 {was necessary.}) 26... Be6 ({Weaker is} 26... Kf8 27. Nd4 $17) 27. Qh4 Rac8 ({Don't go for} 27... Kf8 $2 28. Rc1 $19) 28. Nd2 {[#]} (28. Nd4) 28... Rxd2 $1 {[%mdl 512]} 29. Kxd2 Rxc4 ({Stronger than} 29... Kf8 30. Rac1 $15) 30. Bd4 b3 {[%cal Bb4b3,Bb3b2][%mdl 32] And now ...Qb4+ would win.} 31. Ke3 (31. Rac1 $142 Qb4+ 32. Ke3 Rxc1 33. Rxc1) 31... b2 32. Rad1 Bf5 {( -> ...Qa3+)} 33. Qh7+ Kf8 {Black mates.} 34. Qh8+ Bxh8 35. Rxh8+ Kg7 36. Rdh1 Qxg5+ {Weighted Error Value: White=0.66/Black=0.22 (precise)} 0-1

[Event "82nd Armenian Men Championship 2022"]
[Site "Yerevan"]
[Date "2022.01.23"]
[Round "11.3"]
[White "Mikaelyan, Arman"]
[Black "Petrosyan, Manuel"]
[Result "0-1"]
[WhiteElo "2508"]
[BlackElo "2620"]
[Annotator "TA"]
[PlyCount "74"]
[EventDate "2022.01.12"]
[EventType "tourn"]
[EventCountry "ARM"]
[SourceTitle "playchess.com"]
[Source "ChessBase"]
[SourceQuality "1"]

{[%evp 10,74,2,0,0,0,18,0,0,0,0,0,0,0,0,0,7,-8,0,-25,-29,-23,-28,-58,-57,-66,-30,-18,-35,-26,-27,-27,-33,-21,-28,-56,-49,-118,-122,-147,-122,-170,-169,-206,-215,-213,-217,-284,-219,-443,-437,-465,-389,-350,-263,-559,-556,-517,-534,-533,-523,-490,-501,-768,-758,-732,-702]} 1. d4 Nf6 2. c4 e6 3. Nc3 Bb4 4. e3 O-O 5. Bd2 b6 6. Nf3 c5 {E21: Nimzo-Indian: 4 Nf3.} 7. Bd3 {7.a3 is the hot move.} d5 8. a3 Bxc3 {The position is equal.} 9. Bxc3 dxc4 10. Bxc4 Ne4 {[#]} 11. Qc2 $146 ({Predecessor:} 11. Rc1 Bb7 12. O-O Nd7 13. Qe2 Nxc3 14. Rxc3 Qf6 15. Rd1 Rfd8 16. Rcd3 h6 17. R3d2 {0-1 (29) Struzka,V (2015)-Baranowski,T (2379) ICCF email 2018}) 11... Nxc3 12. Qxc3 cxd4 13. Nxd4 Bb7 14. Bxe6 fxe6 15. Nxe6 {[%csl Ge6][%cal Rc3g7]} Qf6 16. Qxf6 Rxf6 17. Nc7 Na6 (17... Nd7 $5 {[%cal Ra8c8]} 18. Nxa8 Bxg2 19. Nxb6 Rxb6 $15) 18. Nxa8 Bxg2 ({Much less strong is} 18... Bxa8 19. O-O $14) 19. Rg1 Bxa8 20. Rd1 Bc6 21. Rd8+ Kf7 22. b4 {Prevents Nc5.} Nc7 23. Rg4 {Black keeps a firm grip on the game.} ({White should play} 23. Rc8 $15 Ne8 24. Rg5) 23... Ne6 $1 $17 24. Rd3 h5 $1 25. Rg3 {[#]} (25. Rh4 $17) 25... g5 $1 $19 {[%cal Bg7g5,Bg5g4][%mdl 32]} 26. Rd6 {[#]} Bf3 27. Rd7+ Kg6 28. Rxa7 g4 {Strongly threatening ...Ng5.} 29. Kd2 $2 (29. h4 {was called for.}) 29... Ng5 30. Rg1 Ne4+ 31. Kc2 Nxf2 {...h4 is the strong threat.} 32. b5 $2 (32. Rd7 {is a better defense.}) 32... h4 {Black is clearly winning.} 33. Ra4 Rf5 34. Rd4 Rc5+ 35. Kd2 Rxb5 36. e4 (36. Rd6+ $142 Kg5 37. Rd8) 36... Rb2+ 37. Kc3 Re2 {Weighted Error Value: White=0.43/Black=0.09 (flawless)} 0-1

[Event "82nd Armenian Men Championship 2022"]
[Site "Yerevan"]
[Date "2022.01.23"]
[Round "11.4"]
[White "Pashikian, Arman"]
[Black "Martirosyan, Haik M."]
[Result "0-1"]
[WhiteElo "2606"]
[BlackElo "2621"]
[Annotator "TA"]
[PlyCount "80"]
[EventDate "2022.01.12"]
[EventType "tourn"]
[EventCountry "ARM"]
[SourceTitle "playchess.com"]
[Source "ChessBase"]
[SourceQuality "1"]

{[%evp 11,80,14,19,22,21,12,9,12,0,0,8,1,21,25,30,16,18,12,17,0,0,-8,0,0,-3,-33,-34,-67,-52,-57,-52,-44,-54,-50,-35,-111,-98,-205,-204,-208,-99,-334,-297,-329,-295,-263,-327,-456,-289,-303,-293,-324,-283,-384,-372,-601,-589,-528,-550,-905,-842,-806,-616,-618,-608,-1025,-1044,-918,-603,-2766,-2641]} 1. d4 Nf6 2. c4 e6 3. Nf3 d5 4. g3 dxc4 5. Bg2 a6 6. O-O Nc6 7. Bg5 {[%mdl 1024] White has compensation. E04: Open Catalan: 5 Nf3.} Be7 8. e3 Bd7 9. Qc1 {The position is equal.} b5 10. b3 cxb3 $1 11. axb3 {[#]} Nb4 $146 ({Predecessor:} 11... Nd5 12. Bxe7 Ncxe7 13. Ne5 O-O 14. Nc3 f6 15. Nxd7 Qxd7 16. Ne4 c6 17. Nc5 Qc8 {0-1 (28) Makhmutov,R (2396)-Santos Latasa,J (2467) Al Ain 2013}) 12. Ne5 Ra7 13. Bxf6 (13. Na3 {feels hotter.} O-O 14. Nc2 Nxc2 15. Qxc2 Nd5 16. Bxe7 Qxe7 17. Rfc1) 13... gxf6 14. Nxd7 Qxd7 15. Rd1 c6 {[%cal Bc7c6,Bc6c5][%mdl 32]} 16. e4 O-O 17. Nc3 Rd8 18. Ne2 c5 {[%cal Rc5d4]} 19. d5 exd5 20. exd5 Qf5 {[%cal Rb4d5]} 21. Nc3 {[%cal Oc3b5]} Rad7 ({Resist} 21... Nd3 22. Qc2 c4 23. bxc4 bxc4 24. Be4 $14) 22. Be4 Qe5 23. f4 (23. g4 $1 $15 Qg5 24. h3) 23... Qh5 $17 24. Qb1 (24. g4 $17 Qh6 25. Bf5) 24... f5 $19 25. Bxf5 {[#]} Nxd5 (25... Rd6 $1 $19 {has better winning chances. ...Bf6 is the strong threat.} 26. g4 (26. Qe4 Bf6 $17) 26... Qh3) 26. g4 $2 {White does not recover from this.} (26. Bxd7 $17 Nxc3 27. Qc2 Nxd1 28. Qxd1) 26... Qh3 27. Nxd5 Rxd5 28. Rxd5 Rxd5 29. Qc2 {Prevents Rd2.} Qe3+ 30. Qf2 Qxb3 31. Qe2 {[#]} Qc3 $1 32. Re1 (32. Ra2 Bd6) 32... Bh4 33. Rf1 $2 (33. Rd1 Rxd1+ 34. Qxd1) 33... Rd2 {Black is clearly winning.} 34. Qe8+ Kg7 {( -> ...Qh3)} 35. Bxh7 {Black must now prevent Qg8+.} Rd8 36. Qe4 c4 {Threatens to win with ...Qh3.} 37. g5 b4 38. Kh1 Qh3 {[%cal Rh3f1]} 39. Rg1 Qe6 40. Qb1 Rd4 {Weighted Error Value: White=0.83/Black=0.31} 0-1

[Event "82nd Armenian Men Championship 2022"]
[Site "Yerevan"]
[Date "2022.01.23"]
[Round "11.5"]
[White "Ter-Sahakyan, Samvel"]
[Black "Harutyunyan, Tigran K."]
[Result "1/2-1/2"]
[WhiteElo "2637"]
[BlackElo "2552"]
[Annotator "TA"]
[PlyCount "27"]
[EventDate "2022.01.12"]
[EventType "tourn"]
[EventCountry "ARM"]
[SourceTitle "playchess.com"]
[Source "ChessBase"]
[SourceQuality "1"]

{[%evp 16,27,7,0,0,10,2,7,15,10,23,-25,0,0]} 1. d4 Nf6 2. c4 e6 3. Nc3 Bb4 4. Nf3 b6 5. e3 Bb7 6. Bd3 O-O 7. O-O d5 8. cxd5 exd5 9. Bd2 {9.Ne5 is setting a new trend.} Be7 {E52: Nimzo-Indian: Rubinstein: 4...0-0 5 Nf3 d5 6 Bd3 b6.} 10. Rc1 c5 11. dxc5 bxc5 12. Re1 Re8 {[#]} 13. b3 $146 (13. e4 $142) ({Predecessor:} 13. Bb1 Bf8 14. Ne2 Nbd7 15. Bc3 Ne4 16. Bxe4 Rxe4 17. Ng3 Re8 18. Qa4 Nb6 19. Qf4 {0-1 (54) Ramirez Alvarez,A (2567)-Esipenko,A (2682) Chess.com INT 2020}) 13... Bf8 14. Qc2 {Not much happened in this game.  Weighted Error Value: White=0.12 (very precise) /Black=0.08 (flawless)} 1/2-1/2